The twentieth century
Αποθηκεύτηκε σε:
| Κύριος συγγραφέας: | |
|---|---|
| Μορφή: | Βιβλίο |
| Γλώσσα: | English |
| Δημοσίευση: |
Cambridge :
Cambridge University Press,
c1981
|
| Σειρά: | Cambridge introduction to art
|
| Θέματα: | |
| Ετικέτες: |
Προσθήκη ετικέτας
Δεν υπάρχουν, Καταχωρήστε ετικέτα πρώτοι!
|
MARC
| LEADER | 00000nam a2200000 i 4500 | ||
|---|---|---|---|
| 001 | 1/14692 | ||
| 008 | 001213s1981 eng d | ||
| 020 | |a 0-521-29622-6 (pbk) | ||
| 035 | |l 10065100 | ||
| 040 | |a GR-MY-UA |b gre |e aacr | ||
| 041 | 0 | |a eng | |
| 082 | 0 | |a 709.04 |2 (22) | |
| 100 | 1 | |a Lambert, Rosemary. | |
| 245 | 1 | 4 | |a The twentieth century / |c Rosemary Lambert |
| 260 | |a Cambridge : |b Cambridge University Press, |c c1981 | ||
| 300 | |a iv, 90 σ.; |b εικ.; |c 24 εκ. | ||
| 490 | 1 | |a Cambridge introduction to art | |
| 504 | |a Περιλαμβάνει ευρετήριο | ||
| 650 | 0 | 0 | |a Art, Modern |y 20th century. |
| 830 | 0 | |a Cambridge introduction to art | |
| 852 | |a INST |b SYROS |e 20001213 |h 709.04 LAM |p 005500001891 |q 005500001891 |t BK |y 0 | ||
| 901 | |a BIBL5-2000-3 | ||
| 909 | |a Ε |b 082683 | ||
| 922 | |a 5ΕΛΗ |b 200008 |c ΓΡΑΦΙΚΩΝ ΤΕΧΝΩΝ |d LEADER BOOKS | ||
| 970 | |a ΚΟΝΤΟΥ |b ΠΑΡΑΣΚΕΥΗ |z 2000/12/13 | ||